| 000 -LEADER |
| fixed length control field |
01331 a2200289 4500 |
| 003 - CONTROL NUMBER IDENTIFIER |
| control field |
Nust |
| 005 - DATE AND TIME OF LATEST TRANSACTION |
| control field |
20190926103346.0 |
| 008 - FIXED-LENGTH DATA ELEMENTS--GENERAL INFORMATION |
| fixed length control field |
170622b xxu||||| |||| 00| 0 eng d |
| 010 ## - LIBRARY OF CONGRESS CONTROL NUMBER |
| LC control number |
2002191160 |
| 020 ## - INTERNATIONAL STANDARD BOOK NUMBER |
| International Standard Book Number |
1584883103 (alk. paper) |
| 038 ## - RECORD CONTENT LICENSOR |
| Staff Name |
Nusrat Nadeem |
| 040 ## - CATALOGING SOURCE |
| Transcribing agency |
RCMS |
| Original cataloging agency |
DLC |
| Language of cataloging |
DLC |
| 082 00 - DEWEY DECIMAL CLASSIFICATION NUMBER |
| Classification number |
003.54 TOG |
| 100 1# - MAIN ENTRY--PERSONAL NAME |
| Personal name |
Roberto. Togneri |
| 9 (RLIN) |
3104 |
| 245 10 - TITLE STATEMENT |
| Title |
Fundamentals of information theory and coding design / |
| Statement of responsibility, etc. |
Roberto Togneri, Christopher J.S. deSilva. |
| 260 ## - PUBLICATION, DISTRIBUTION, ETC. |
| Place of publication, distribution, etc. |
Boca Raton : |
| Name of publisher, distributor, etc. |
Chapman & Hall/CRC, |
| Date of publication, distribution, etc. |
c2002. |
| 300 ## - PHYSICAL DESCRIPTION |
| Extent |
xii, 385 p. : |
| Other physical details |
ill. ; |
| Dimensions |
24 cm. |
| 440 #0 - SERIES STATEMENT/ADDED ENTRY--TITLE |
| Title |
Discrete mathematics and its applications |
| 9 (RLIN) |
3105 |
| 505 ## - FORMATTED CONTENTS NOTE |
| Formatted contents note |
Entropy and Information Page 1, Information Channels Page 51, Source Coding Page 105, Data Compression Page 171, Fundamentals of Channel Coding Page 199,. Error-Correcting Codes Page 235,Cyclic Codes Page 281,Burst-Correcting Codes Page 319. |
| 538 ## - SYSTEM DETAILS NOTE |
| System details note |
|
| Display text |
Supercomputing Lab |
| 650 #0 - SUBJECT ADDED ENTRY--TOPICAL TERM |
| Topical term or geographic name entry element |
Coding theory. |
| 9 (RLIN) |
3106 |
| 650 #0 - SUBJECT ADDED ENTRY--TOPICAL TERM |
| Topical term or geographic name entry element |
Information theory. |
| 9 (RLIN) |
3107 |
| 651 ## - SUBJECT ADDED ENTRY--GEOGRAPHIC NAME |
| Geographic name |
Entropy and Information Page 1 |
| General subdivision |
Information Channels Page 51 |
| -- |
Source Coding Page 105 |
| 9 (RLIN) |
3108 |
| 700 1# - ADDED ENTRY--PERSONAL NAME |
| Personal name |
DeSilva, Christopher J. S. |
| 9 (RLIN) |
3109 |
| 856 42 - ELECTRONIC LOCATION AND ACCESS |
| Materials specified |
Table of Contents Only. |
| Uniform Resource Identifier |
<a href="http://www.loc.gov/catdir/enhancements/fy0646/2002191160-d.html">http://www.loc.gov/catdir/enhancements/fy0646/2002191160-d.html</a> |
| 942 ## - ADDED ENTRY ELEMENTS (KOHA) |
| Koha item type |
Book |
| Source of classification or shelving scheme |
|
| Classification part |
003.54 TOG |